Online Catalogue and eLibrary

Prathimana (Record no. 1469)

MARC details
000 -LEADER
fixed length control field 00390nam a2200157Ia 4500
005 - DATE AND TIME OF LATEST TRANSACTION
control field 20250520013308.0
008 - FIXED-LENGTH DATA ELEMENTS--GENERAL INFORMATION
fixed length control field 240331s9999 xx 000 0 und d
020 ## - INTERNATIONAL STANDARD BOOK NUMBER
ISBN 9559261134
082 ## - DDC Classification
Item Number - Author Mark PRA
Class No. 302
245 #0 - TITLE STATEMENT
Title Prathimana
260 ## - PUBLICATION, DISTRIBUTION, ETC.
Place of publication, distribution, etc. Colombo
Name of publisher, distributor, etc. Women's education & Research Centre
Date of publication, distribution, etc. 1999
300 ## - PHYSICAL DESCRIPTION
Extent (e.g. Volumes, Pages etc.) 126 p .,
650 ## - SUBJECT ADDED ENTRY--TOPICAL TERM
Topical term or geographic name entry element Gender Studies
700 ## - ADDED ENTRY--PERSONAL NAME
Personal name De Silva, T.
Relator term (Role) Editor
942 ## - Koha item type (Biblio)
Koha item type Books in Stacks (Lending)
Holdings
Lost status Damaged status Collection code Home library Current library Shelving location Date acquired Full call number Accession Number Item type
    Lending WERC Library WERC Library Social Science Cupboard 03/31/2024 302.23 PRA 2865 Books in Stacks (Lending)

© WERC Library